000 00837nab a2200253 u 4500
001 11295
003 HDC
007 cr bn ---aaaaa
008 210206c20150205 |r|noo 0 a eng d
040 _aHDC
110 _aThe Brunei Times
245 0 _aALL CHICKENS SOLD IN BRUNEI SUPERMARKETS HALAL: GOV'T
260 _a[no place] :
_b[publisher not identified],
_c2015
336 _atext
_2rdacontent
337 _acomputer
_2rdamedia
338 _aonline resource
_2rdacarrier
650 _aHalal Food Control Section
_911596
650 _aHalal food
_950
650 _aHalal supermarket
_911597
856 _zRequest full-text at [email protected]
942 _2lcc
942 _cNEWS
942 _kNWSO 001300
999 _c8618
_d8618